00495nam a2200205 a 4500001001300000003000900013005001700022008003800039020001000077082001600087100002400103245001700127260001300144300000900157500003500166505001000201650003500211650001900246700002400265nice12345678IN_TiNIC20260116011515.0050524s1910 a grp 000 0 per  ac10000a891.51bMUZ aMuzaffar Ali Shah,  aBahrul Asrar abc1910 a333p aincludes index and biblioraphy2 aIndex aPersian Poetry-Hairat Badayuni aPersian Poetry1 aMuzaffar Ali Shah,